00738nam a2200241 a 4500001001300000003000900013005001700022008004100039020002300080082002000103100002600123245004600149260003400195300000800229500003500237505001000272650003700282700002600319902000800345942000700353952012100360999001500481nice12345678IN_TiNIC20260116012300.0050524s1997 u ka grp 000 0 eng  a0860378 c10000a330.10297bCHA1 aChapra, Mohammad Umar aObjectives of the Islamic Enconomic Order aU KbIslamic Foundationc1997 a72p aincludes index and biblioraphy2 aIndex aEconomics-Religious Aspect-Islam1 aChapra, Mohammad Umar bSRS cBK 001040708StackRoom-aHMIbHMId2007-04-25g100.00l0o330.10297 CHA1p010233r2007-04-25v100.00w2005-05-24yBK c6378d6378